[Event "NOR-ch Class1"]
[Site "Sarpsborg"]
[Date "2018.07.06"]
[Round "1"]
[White "Runde, Hans Arild"]
[Black "Fredriksen, Jan Gunnar"]
[Result "1-0"]
[WhiteElo "1946"]
[BlackElo "1852"]
[PlyCount "93"]
[EventDate "2018.07.07"]
[EventType "swiss"]
[EventRounds "9"]
[EventCountry "NOR"]
[SourceTitle "EXT 2024"]
[Source "ChessBase"]
[SourceDate "2023.10.10"]
[SourceVersion "1"]
[SourceVersionDate "2023.10.10"]
[SourceQuality "1"]

1. Nf3 b6 2. g3 Bb7 3. Bg2 c5 4. 0-0 Nf6 5. c4 e6 6. d3 d5 7. Ne5 Bd6 8. Qa4+ Nbd7 9. Nxd7 Qxd7 10. Qxd7+ Kxd7 11. Nc3 h6 12. Nb5 Bb8 13. a4 a6 14. Nc3 Bc6 15. e4 Be5 16. exd5 exd5 17. cxd5 Bb7 18. a5 Bxc3 19. bxc3 Bxd5 20. Bh3+ Be6 21. Bxe6+ Kxe6 22. axb6 Rhb8 23. Be3 Nd7 24. Ra5 Rxb6 25. Bxc5 Nxc5 26. Rxc5 a5 27. Ra1 a4 28. Ra3 Rb3 29. Rxb3 axb3 30. Rb5 Ra3 31. Kf1 b2 32. Rxb2 Rxc3 33. Ke2 Rc7 34. h4 Kd5 35. Rb4 g6 36. h5 Rc6 37. Ke3 g5 38. Rb5+ Ke6 39. g4 Ra6 40. Ke4 f6 41. f3 Ra1 42. Rb6+ Ke7 43. Rb7+ Ke6 44. Rh7 Re1+ 45. Kd4 Rf1 46. Ke3 Re1+ 47. Kf2 1-0

[Event "NOR-chT 1415"]
[Site "Norway"]
[Date "2015.03.07"]
[Round "10"]
[White "Runde, Hans Arild"]
[Black "Diesen, Bruce"]
[Result "0-1"]
[WhiteElo "1969"]
[BlackElo "2175"]
[PlyCount "100"]
[EventDate "2014.10.31"]
[EventType "team-tourn"]
[EventRounds "11"]
[EventCountry "NOR"]
[SourceTitle "EXT 2016"]
[Source "ChessBase"]
[SourceDate "2015.10.08"]
[SourceVersion "1"]
[SourceVersionDate "2015.10.08"]
[SourceQuality "1"]
[WhiteTeam "Oslo Akademisk"]
[BlackTeam "Asker"]
[WhiteTeamCountry "NOR"]
[BlackTeamCountry "NOR"]

1. e4 c5 2. Nc3 Nc6 3. g3 g6 4. Bg2 Bg7 5. d3 d6 6. Be3 Rb8 7. a4 Nf6 8. h3 0-0 9. Nge2 a6 10. 0-0 b5 11. axb5 axb5 12. Qc1 Qb6 13. Bh6 Nd4 14. Bxg7 Kxg7 15. Qd2 Bxh3 16. Nxd4 cxd4 17. Bxh3 dxc3 18. Qxc3 e6 19. Qb4 Rfc8 20. c3 h5 21. Kg2 g5 22. Kg1 g4 23. Bg2 e5 24. Qa5 b4 25. Qxb6 Rxb6 26. c4 Nd7 27. Ra7 Nc5 28. f3 Rb7 29. Rxb7 Nxb7 30. fxg4 hxg4 31. Kf2 Ra8 32. Ke3 Ra2 33. Rf2 Nc5 34. Bf1 Na4 35. b3 Rxf2 36. Kxf2 Nc5 37. Be2 Nxb3 38. Ke3 Nd4 39. Bd1 Kf6 40. Kd2 Kg5 41. Ke3 f5 42. exf5 Nxf5+ 43. Kf2 Kh5 44. Ba4 Nd4 45. Ke3 Kg5 46. Bd1 b3 47. Kd2 b2 48. Bc2 Nf5 49. Kc3 Nxg3 50. Kxb2 Ne2 0-1

[Event "NOR-chT 1415"]
[Site "Norway"]
[Date "2015.03.06"]
[Round "9.2"]
[White "Royset, Pal"]
[Black "Runde, Hans Arild"]
[Result "1/2-1/2"]
[WhiteElo "2243"]
[BlackElo "1969"]
[PlyCount "107"]
[EventDate "2014.10.31"]
[EventType "team-tourn"]
[EventRounds "11"]
[EventCountry "NOR"]
[SourceTitle "EXT 2016"]
[Source "ChessBase"]
[SourceDate "2015.10.08"]
[SourceVersion "1"]
[SourceVersionDate "2015.10.08"]
[SourceQuality "1"]
[WhiteTeam "Tromsoe"]
[BlackTeam "Oslo Akademisk"]
[WhiteTeamCountry "NOR"]
[BlackTeamCountry "NOR"]

1. e4 c5 2. c3 Nf6 3. e5 Nd5 4. d4 e6 5. c4 Nb4 6. d5 d6 7. a3 N4a6 8. Nf3 dxe5 9. Nc3 f6 10. Bd3 Bd6 11. Qc2 Nd7 12. Bxh7 Nf8 13. Bd3 Nc7 14. Be3 Qe7 15. 0-0-0 exd5 16. cxd5 Bd7 17. Ne4 b6 18. Nfg5 Nxd5 19. Bc4 Nxe3 20. Nxd6+ Qxd6 21. fxe3 Qc7 22. Nf7 Rh4 23. Nd6+ Ke7 24. g3 Rg4 25. Be2 Rg5 26. Rd2 Qc6 27. Rhd1 Qa4 28. Qc3 Be6 29. Nc4 Bxc4 30. Bxc4 e4 31. Rd6 Re5 32. Bd5 Rb8 33. Bb3 Qe8 34. Qd2 c4 35. Bc2 Kf7 36. Qb4 Rc5 37. Qc3 Qe5 38. R1d4 Ne6 39. Rd7+ Ke8 40. Rd1 Qxc3 41. bxc3 Ra5 42. Bxe4 Nc5 43. Rxg7 Kf8 44. Rh7 Kg8 45. Rh4 Nxe4 46. Rxe4 Rxa3 47. Rxc4 Ra1+ 48. Kc2 Ra2+ 49. Kb3 Rxh2 50. Rd7 Rh7 51. Rxh7 Kxh7 52. Rc7+ Kg6 53. Rxa7 Re8 54. Rb7 1/2-1/2

[Event "NOR-ch Class1"]
[Site "Lillehammer"]
[Date "2013.06.29"]
[Round "6"]
[White "Runde, Hans Arild"]
[Black "Ali, Karim"]
[Result "1-0"]
[WhiteElo "2044"]
[BlackElo "1840"]
[PlyCount "53"]
[EventDate "2013.06.29"]
[EventType "swiss"]
[EventRounds "9"]
[EventCountry "NOR"]
[SourceTitle "EXT 2015"]
[Source "ChessBase"]
[SourceDate "2014.11.20"]
[SourceVersion "1"]
[SourceVersionDate "2014.11.20"]
[SourceQuality "1"]

1. Nf3 e6 2. c4 f5 3. Nc3 Nf6 4. d3 d5 5. cxd5 exd5 6. Qa4+ c6 7. Bg5 Be7 8. e3 Nbd7 9. Be2 Nc5 10. Qc2 Ne6 11. Bxf6 Bxf6 12. d4 0-0 13. Bd3 g6 14. 0-0 Qd6 15. Rad1 Bd7 16. Ne2 Rae8 17. Qd2 Ng7 18. h4 h6 19. Nf4 Kf7 20. Be2 g5 21. Nd3 gxh4 22. Nfe5+ Bxe5 23. Nxe5+ Ke7 24. f4 Rh8 25. Qe1 Reg8 26. Qxh4+ Kf8 27. Qd8+ 1-0

[Event "NOR-chT 1213"]
[Site "Norway"]
[Date "2012.11.02"]
[Round "6"]
[White "Runde, Hans Arild"]
[Black "Laverton, Christian"]
[Result "1-0"]
[WhiteElo "2037"]
[BlackElo "2096"]
[PlyCount "151"]
[EventDate "2012.11.02"]
[EventType "team-tourn"]
[EventRounds "9"]
[EventCountry "NOR"]
[SourceTitle "EXT 2014"]
[Source "ChessBase"]
[SourceDate "2013.11.20"]
[SourceVersion "1"]
[SourceVersionDate "2013.11.20"]
[SourceQuality "1"]
[WhiteTeam "Akademisk"]
[BlackTeam "Trondheim"]
[WhiteTeamCountry "NOR"]
[BlackTeamCountry "NOR"]

1. e4 c5 2. Nf3 e6 3. d4 cxd4 4. Nxd4 Nc6 5. Nb5 d6 6. c4 Nf6 7. N1c3 a6 8. Na3 Be7 9. Be2 0-0 10. 0-0 b6 11. Re1 Bb7 12. Bf4 Qc7 13. Rc1 Ne5 14. Bf1 Rac8 15. Rc2 Qb8 16. f3 Bd8 17. Rd2 Bc7 18. Bxe5 dxe5 19. g4 Rfd8 20. b4 Rxd2 21. Qxd2 Rd8 22. Qc1 Bd6 23. Nc2 Rd7 24. Rd1 Qd8 25. Be2 Qe7 26. a3 Bc6 27. Qe3 Bc7 28. Rxd7 Nxd7 29. Kg2 Bd8 30. c5 bxc5 31. Bxa6 cxb4 32. axb4 Bb6 33. Qd2 Nb8 34. Bc4 Qd7 35. Qxd7 Nxd7 36. Bb5 Bxb5 37. Nxb5 Kf8 38. Kf1 Nb8 39. Ke2 Ke7 40. Nba3 Bg1 41. h3 Nc6 42. Kd3 Kd7 43. Nc4 f6 44. b5 Ne7 45. h4 Nc8 46. h5 Na7 47. N2a3 Bc5 48. Kc3 Kc7 49. Kb3 Bd4 50. Kb4 Nc8 51. Ka5 Kb7 52. Nc2 Bc5 53. Nb4 Nb6 54. Nxb6 Bxb6+ 55. Ka4 Bc7 56. Nc6 Kb6 57. Kb4 g6 58. hxg6 hxg6 59. Kc4 f5 60. Ne7 fxg4 61. fxg4 g5 62. Nc6 Bd6 63. Nd8 Bc5 64. Nxe6 Be3 65. Nf8 Kc7 66. Kd5 Kb6 67. Nd7+ Kxb5 68. Nxe5 Bf4 69. Nd7 Bc7 70. e5 Kb4 71. Nf6 Bd8 72. Kd6 Kc4 73. Kd7 Kd4 74. Kxd8 Kxe5 75. Ke7 Kf4 76. Kf7 1-0

[Event "Oslo Elo op"]
[Site "Oslo"]
[Date "2012.09.30"]
[Round "3"]
[White "Bjorn, Lasse E"]
[Black "Runde, Hans Arild"]
[Result "0-1"]
[WhiteElo "1741"]
[BlackElo "2046"]
[PlyCount "82"]
[EventDate "2012.09.30"]
[EventType "swiss"]
[EventRounds "9"]
[EventCountry "NOR"]
[SourceTitle "EXT 2013"]
[Source "ChessBase"]
[SourceDate "2012.11.22"]
[SourceVersion "1"]
[SourceVersionDate "2012.11.22"]
[SourceQuality "1"]

1. e4 c5 2. Nf3 e6 3. d4 cxd4 4. Nxd4 Nc6 5. Nb3 a5 6. Be3 a4 7. N3d2 Nf6 8. Bb5 a3 9. Nxa3 Bxa3 10. bxa3 Qa5 11. a4 Nxe4 12. 0-0 Nxd2 13. Bxd2 Qd8 14. Qg4 Qf6 15. c4 d6 16. Qg3 e5 17. Bg5 Qg6 18. Be3 Qxg3 19. hxg3 Be6 20. Rfd1 Ke7 21. Rd2 Na7 22. c5 d5 23. Rc2 d4 24. Bd2 Rhc8 25. Re1 f6 26. f4 Nxb5 27. axb5 Bf5 28. Rb2 Ke6 29. Bb4 Kd5 30. Ra1 Bd3 31. a4 Bxb5 32. Ba3 Ba6 33. Rb6 Rc6 34. Kf2 Rxb6 35. cxb6 e4 36. Rh1 e3+ 37. Kf3 h6 38. Rh5+ Kc4 39. Rc5+ Kb3 40. Bc1 Re8 41. Rd5 Kc3 0-1

[Event "Oslo Elo op"]
[Site "Oslo"]
[Date "2012.09.30"]
[Round "2"]
[White "Runde, Hans Arild"]
[Black "Merkesvik, Sondre"]
[Result "0-1"]
[WhiteElo "2046"]
[BlackElo "1902"]
[PlyCount "104"]
[EventDate "2012.09.30"]
[EventType "swiss"]
[EventRounds "9"]
[EventCountry "NOR"]
[SourceTitle "EXT 2013"]
[Source "ChessBase"]
[SourceDate "2012.11.22"]
[SourceVersion "1"]
[SourceVersionDate "2012.11.22"]
[SourceQuality "1"]

1. e4 Nf6 2. e5 Nd5 3. c4 Nb6 4. d4 d6 5. exd6 exd6 6. Nc3 Nc6 7. Be3 Be7 8. Nf3 Bf6 9. h3 Bf5 10. Bd3 Bxd3 11. Qxd3 0-0 12. Ne4 d5 13. Nxf6+ Qxf6 14. b3 dxc4 15. bxc4 Qg6 16. Qxg6 hxg6 17. Nd2 Rfd8 18. c5 Nd5 19. 0-0 b6 20. Rfc1 Ncb4 21. cxb6 cxb6 22. a3 Nxe3 23. fxe3 Nd5 24. Kf2 Rac8 25. Rxc8 Rxc8 26. e4 Nf4 27. Ra2 Kf8 28. Nf1 Ke7 29. h4 Rc3 30. Ne3 Kd7 31. a4 Nd3+ 32. Kf3 Nb4 33. Rb2 Nc6 34. Kf4 f6 35. d5 Ne5 36. Ra2 Nd3+ 37. Kf3 Rb3 38. g4 Nc5 39. h5 g5 40. a5 b5 41. Rc2 Nd3 42. Ke2 Nf4+ 43. Kf2 Nd3+ 44. Ke2 Ne5 45. Nf5 Rh3 46. d6 Rh2+ 47. Kd1 Rxc2 48. Kxc2 Nxg4 49. a6 Nh6 50. Nxg7 Kxd6 51. Nf5+ Nxf5 52. exf5 Ke7 0-1

[Event "NOR-chT 1112"]
[Site "Norway"]
[Date "2011.11.05"]
[Round "2"]
[White "Runde, Hans Arild"]
[Black "Kvam, Audun"]
[Result "1-0"]
[WhiteElo "2046"]
[BlackElo "2022"]
[PlyCount "93"]
[EventDate "2011.11.04"]
[EventType "team-tourn"]
[EventRounds "9"]
[EventCountry "NOR"]
[SourceTitle "EXT 2013"]
[Source "ChessBase"]
[SourceDate "2012.11.22"]
[SourceVersion "1"]
[SourceVersionDate "2012.11.22"]
[SourceQuality "1"]
[WhiteTeam "Oslo Akademisk"]
[BlackTeam "Moss"]
[WhiteTeamCountry "NOR"]
[BlackTeamCountry "NOR"]

1. d4 d5 2. c4 e6 3. Nc3 c5 4. e3 Nf6 5. Nf3 Nc6 6. Ne5 cxd4 7. Nxc6 bxc6 8. exd4 c5 9. cxd5 exd5 10. Bb5+ Bd7 11. Qe2+ Be7 12. dxc5 0-0 13. 0-0 Bxc5 14. Bg5 d4 15. Bxf6 gxf6 16. Bxd7 Qxd7 17. Ne4 Be7 18. Rad1 Rab8 19. Qf3 Rb6 20. Ng3 Rb5 21. b3 Rd8 22. Rfe1 Re5 23. Rxe5 fxe5 24. Nf5 f6 25. Qg4+ Kf8 26. Qg7+ Ke8 27. Qh8+ Kf7 28. Qxh7+ Ke6 29. Qh3 Kd5 30. Qf3+ Ke6 31. Qh3 Kd5 32. Qd3 Ke6 33. h4 Qd5 34. Nxe7 Kxe7 35. Qh7+ Qf7 36. Qxf7+ Kxf7 37. f3 f5 38. Kf2 Kf6 39. Ke2 e4 40. g4 fxg4 41. fxg4 Ke5 42. Rf1 Rc8 43. Rf5+ Ke6 44. Kd2 e3+ 45. Kd3 Rc3+ 46. Kxd4 e2 47. Re5+ 1-0

[Event "NOR-chT Clubs"]
[Site "Oslo"]
[Date "2008.05.02"]
[Round "3"]
[White "Pettersen, Joar Gullestad"]
[Black "Runde, Hans Arild"]
[Result "0-1"]
[WhiteElo "1934"]
[BlackElo "1868"]
[PlyCount "80"]
[EventDate "2008.05.01"]
[EventType "team-swiss"]
[EventRounds "6"]
[EventCountry "NOR"]
[SourceTitle "EXT 2010"]
[Source "ChessBase"]
[SourceDate "2010.11.25"]
[SourceVersion "1"]
[SourceVersionDate "2010.11.25"]
[SourceQuality "1"]

1. Nf3 Nf6 2. d4 e6 3. g3 b6 4. Bg2 Bb7 5. 0-0 Be7 6. c4 Qc8 7. Nc3 d6 8. Re1 Nbd7 9. e4 e5 10. b3 0-0 11. Bb2 c6 12. Qc2 Re8 13. Rad1 Bf8 14. Kh1 b5 15. dxe5 Nxe5 16. Nxe5 dxe5 17. Qe2 a6 18. Rd3 Qc7 19. Red1 Rad8 20. f3 Bc5 21. Nb1 Rxd3 22. Rxd3 bxc4 23. bxc4 a5 24. Qc2 Qe7 25. Nd2 Ba7 26. Bc3 Qc5 27. Qc1 a4 28. Qb1 Ba6 29. Qa1 h5 30. a3 Bxc4 31. Nxc4 Qxc4 32. Rd1 Qe6 33. Bb4 Bd4 34. Qc1 c5 35. Ba5 Rb8 36. Qg5 Qa6 37. Bc7 Qe2 38. Rg1 Bxg1 39. Bxb8 Qe1 40. h4 Be3+ 0-1

[Event "Gausdal op-B"]
[Site "Gausdal"]
[Date "2008.04.15"]
[Round "8"]
[White "Runde, Hans Arild"]
[Black "Bue, Gunnar"]
[Result "1-0"]
[WhiteElo "2010"]
[BlackElo "1829"]
[PlyCount "77"]
[EventDate "2008.04.08"]
[EventType "swiss"]
[EventRounds "9"]
[EventCountry "NOR"]
[SourceTitle "CBM 123 Extra"]
[Source "ChessBase"]
[SourceDate "2008.05.06"]
[SourceVersion "1"]
[SourceVersionDate "2008.05.06"]
[SourceQuality "1"]

1. e4 d6 2. Nc3 g6 3. d4 Bg7 4. Be2 Nf6 5. Nf3 0-0 6. 0-0 c6 7. a4 a5 8. Be3 Bg4 9. Qc1 Bxf3 10. Bxf3 Nbd7 11. Bh6 Bxh6 12. Qxh6 Qb6 13. Qd2 e5 14. d5 c5 15. Nb5 Ne8 16. Ra3 Qd8 17. Qh6 Qf6 18. Bg4 Nb6 19. f4 Qg7 20. Qxg7+ Kxg7 21. fxe5 Nc4 22. exd6 Nxa3 23. bxa3 Nf6 24. Bf3 Nd7 25. Nc7 Rad8 26. Be2 Ne5 27. Rb1 Rb8 28. Rb5 Rfd8 29. Rxa5 c4 30. Rc5 Rxd6 31. Nb5 Ra6 32. Nc3 Raa8 33. Kf2 b6 34. Rb5 Ra5 35. Rb4 Rc5 36. Ke3 h5 37. Kd4 Nd7 38. Nb5 Rc7 39. Nxc7 1-0

[Event "Gausdal op-B"]
[Site "Gausdal"]
[Date "2008.04.14"]
[Round "7"]
[White "Hoem, Tor Wetle"]
[Black "Runde, Hans Arild"]
[Result "1-0"]
[WhiteElo "1971"]
[BlackElo "2010"]
[PlyCount "75"]
[EventDate "2008.04.08"]
[EventType "swiss"]
[EventRounds "9"]
[EventCountry "NOR"]
[SourceTitle "CBM 123 Extra"]
[Source "ChessBase"]
[SourceDate "2008.05.06"]
[SourceVersion "1"]
[SourceVersionDate "2008.05.06"]
[SourceQuality "1"]

1. d4 Nf6 2. c4 e6 3. Nf3 b6 4. g3 Ba6 5. b3 Bb4+ 6. Bd2 Be7 7. Bc3 Ne4 8. Bb2 Bb4+ 9. Nfd2 Bb7 10. f3 Nxd2 11. Nxd2 d5 12. Bg2 Qg5 13. f4 Qg6 14. 0-0 f5 15. Nf3 Nd7 16. Qc2 Rc8 17. cxd5 0-0 18. Nh4 Qe8 19. dxe6 Nc5 20. dxc5 Bxc5+ 21. Kh1 Bxg2+ 22. Nxg2 Qxe6 23. Qc4 Rfe8 24. Qxe6+ Rxe6 25. Be5 g5 26. Rad1 gxf4 27. gxf4 Bd6 28. Bxd6 cxd6 29. Rd2 Rce8 30. e3 Rc8 31. Rfd1 Kf7 32. Kg1 Ke7 33. Kf2 Rh6 34. Kg1 Rg8 35. Kh1 Rgg6 36. Ne1 Rh3 37. Nc2 a6 38. Nb4 1-0

[Event "Gausdal op-B"]
[Site "Gausdal"]
[Date "2008.04.08"]
[Round "1"]
[White "Lie, Terje"]
[Black "Runde, Hans Arild"]
[Result "0-1"]
[WhiteElo "1743"]
[BlackElo "2010"]
[PlyCount "156"]
[EventDate "2008.04.08"]
[EventType "swiss"]
[EventRounds "9"]
[EventCountry "NOR"]
[SourceTitle "CBM 123 Extra"]
[Source "ChessBase"]
[SourceDate "2008.05.06"]
[SourceVersion "1"]
[SourceVersionDate "2008.05.06"]
[SourceQuality "1"]

1. d4 Nf6 2. c4 e6 3. Nc3 Bb4 4. Qc2 c5 5. dxc5 Na6 6. a3 Bxc3+ 7. Qxc3 Nxc5 8. Qc2 d6 9. Nf3 Bd7 10. b4 Ba4 11. Qb2 Nb3 12. Rb1 Nxc1 13. Rxc1 Bc6 14. Nd4 Be4 15. f3 Bg6 16. e3 a6 17. Be2 Qb6 18. Qd2 0-0 19. Bd3 e5 20. Ne2 e4 21. Bb1 exf3 22. gxf3 Bh5 23. Kf2 d5 24. cxd5 Rfe8 25. Qd4 Qxd4 26. Nxd4 Nxd5 27. e4 Ne7 28. Rc7 Rad8 29. Rd1 Nc6 30. Ke3 f5 31. Rg1 f4+ 32. Kxf4 Nxd4 33. Ba2+ Kh8 34. Rgxg7 Rf8+ 35. Kg5 Bg6 36. Kg4 Nxf3 37. Bd5 Ne5+ 38. Kg5 Nf3+ 39. Kh6 Rd6 40. Rcd7 Rxd7 41. Rxd7 b6 42. Rd6 Rb8 43. Rd7 Nxh2 44. Ra7 Nf3 45. Rxa6 Ne5 46. Ra7 Ng4+ 47. Kg5 Ne3 48. Kh6 Nxd5 49. exd5 Be4 50. d6 Rd8 51. d7 b5 52. Rc7 Bf5 53. Rb7 Bxd7 54. Rc7 Bf5 55. Rc3 Rc8 56. Re3 Kg8 57. Rg3+ Kf7 58. Rg7+ Kf6 59. Rb7 Bd3 60. Ra7 Bc2 61. Ra6+ Ke5 62. Ra7 Rc6+ 63. Kg5 h6+ 64. Kh4 Kd4 65. Rd7+ Kc4 66. Re7 Kb3 67. Re3+ Ka4 68. Kh5 Bb3 69. Re5 Rb6 70. Re4 Kxa3 71. Rd4 Bc4 72. Kg4 Kxb4 73. Kf3 Kc3 74. Rh4 b4 75. Ke4 Bd3+ 76. Kd5 b3 77. Kc5 Rb5+ 78. Kc6 h5 0-1

[Event "NOR-chT Ishav 0708"]
[Site "Oslo"]
[Date "2008.03.29"]
[Round "8.6"]
[White "Runde, Hans Arild"]
[Black "Tjoelsen, Katrine"]
[Result "0-1"]
[WhiteElo "1870"]
[BlackElo "2083"]
[PlyCount "114"]
[EventDate "2007.11.09"]
[EventType "team-swiss"]
[EventRounds "9"]
[EventCountry "NOR"]
[SourceTitle "EXT 2010"]
[Source "ChessBase"]
[SourceDate "2010.11.25"]
[SourceVersion "1"]
[SourceVersionDate "2010.11.25"]
[SourceQuality "1"]

1. e4 c5 2. Nf3 Nc6 3. d4 cxd4 4. Nxd4 g6 5. g3 Bg7 6. Nxc6 bxc6 7. c4 d6 8. Qc2 Nf6 9. Nd2 Nd7 10. Rb1 a5 11. b3 0-0 12. Bg2 Bb7 13. Bb2 Bxb2 14. Rxb2 Qb6 15. 0-0 Ne5 16. a3 Ba6 17. Nf3 Qc5 18. Nxe5 Qxe5 19. Rfb1 Qc5 20. e5 Qxe5 21. Bxc6 Rac8 22. Bg2 a4 23. Bf1 axb3 24. Rxb3 Qc5 25. Rb4 d5 26. Rc1 Rc7 27. Qa4 Ra7 28. Qd1 Rc8 29. Qe1 Rac7 30. Bh3 e6 31. Bf1 Qa7 32. Qe5 dxc4 33. Rc3 Rc5 34. Qe3 Qc7 35. Bg2 Re5 36. Qc1 Rc5 37. Ra4 Bb5 38. Ra8 Rxa8 39. Bxa8 Ba4 40. Be4 Qc8 41. Bd3 Bb5 42. Bf1 Ba6 43. Bg2 Qd7 44. Bf3 Qd4 45. Qe3 e5 46. Be2 Kg7 47. Rc1 Ra5 48. Qc3 Rb5 49. a4 Rb3 50. Qxd4 exd4 51. Bxc4 Rc3 52. Bxa6 Rxc1+ 53. Kg2 Ra1 54. Bb5 Kf6 55. f4 Ke6 56. Bc4+ Kd6 57. Bxf7 d3 0-1

[Event "NOR-ch Class1"]
[Site "Hamar"]
[Date "2007.07.13"]
[Round "8"]
[White "Runde, Hans Arild"]
[Black "Andersen, Harry"]
[Result "1-0"]
[WhiteElo "1977"]
[BlackElo "1912"]
[PlyCount "85"]
[EventDate "2007.07.07"]
[EventType "swiss"]
[EventRounds "9"]
[EventCountry "NOR"]
[SourceTitle "EXT 2024"]
[Source "ChessBase"]
[SourceDate "2023.10.10"]
[SourceVersion "1"]
[SourceVersionDate "2023.10.10"]
[SourceQuality "1"]

1. Nf3 Nf6 2. e3 g6 3. b3 Bg7 4. Bb2 d5 5. Be2 c5 6. c3 0-0 7. d4 Nbd7 8. 0-0 Qc7 9. Na3 a6 10. Rc1 Ne4 11. Nd2 f5 12. c4 Qa5 13. Nxe4 dxe4 14. Nb1 Qxa2 15. Bc3 cxd4 16. exd4 Bh6 17. Nd2 Bxd2 18. Ra1 Qxa1 19. Bxa1 Bh6 20. c5 Nf6 21. Bc4+ e6 22. d5 exd5 23. Bxd5+ Nxd5 24. Qxd5+ Rf7 25. Qd8+ Bf8 26. Rd1 f4 27. Qd4 Bg7 28. Qxe4 Bxa1 29. Rxa1 f3 30. b4 Bf5 31. Qxf3 Re8 32. Qc3 Rfe7 33. f3 Bd7 34. Kf2 Re2+ 35. Kg3 R8e5 36. Qc4+ Be6 37. Qf4 Kg7 38. c6 Rf5 39. Qd4+ Kh6 40. h4 Rd5 41. Qf4+ g5 42. hxg5+ Rxg5+ 43. Qxg5+ 1-0

[Event "Gausdal Classics Elo op"]
[Site "Gausdal"]
[Date "2007.04.20"]
[Round "3"]
[White "Jacobsen, Maria Pitz"]
[Black "Runde, Hans Arild"]
[Result "0-1"]
[WhiteElo "1661"]
[BlackElo "1842"]
[PlyCount "20"]
[EventDate "2007.04.18"]
[EventType "swiss"]
[EventRounds "9"]
[EventCountry "NOR"]
[SourceTitle "EXT 2008"]
[Source "ChessBase"]
[SourceDate "2007.11.25"]
[SourceVersion "1"]
[SourceVersionDate "2007.11.25"]
[SourceQuality "1"]

1. e4 c5 2. Nf3 e6 3. d4 cxd4 4. Nxd4 Nc6 5. Nc3 Qc7 6. Ndb5 Qb8 7. f4 a6 8. Nd4 Qc7 9. Be2 Bb4 10. 0-0 Nxd4 0-1

[Event "Gausdal Classics Elo op"]
[Site "Gausdal"]
[Date "2007.04.19"]
[Round "2"]
[White "Runde, Hans Arild"]
[Black "Standal, Egil Arne"]
[Result "1/2-1/2"]
[WhiteElo "1842"]
[BlackElo "1601"]
[PlyCount "119"]
[EventDate "2007.04.18"]
[EventType "swiss"]
[EventRounds "9"]
[EventCountry "NOR"]
[SourceTitle "EXT 2008"]
[Source "ChessBase"]
[SourceDate "2007.11.25"]
[SourceVersion "1"]
[SourceVersionDate "2007.11.25"]
[SourceQuality "1"]

1. e4 c6 2. d4 d5 3. f3 g6 4. e5 Bg7 5. Ne2 c5 6. c3 Nc6 7. Nf4 cxd4 8. cxd4 e6 9. Bb5 Nge7 10. Ne2 Qb6 11. Nbc3 0-0 12. Bg5 f6 13. exf6 Bxf6 14. Bxf6 Rxf6 15. Qd2 a6 16. Bxc6 bxc6 17. Na4 Qc7 18. f4 Nf5 19. Nc5 a5 20. 0-0 Ba6 21. Nxa6 Rxa6 22. Rac1 Nd6 23. b3 a4 24. Qd3 Qb6 25. Ng3 axb3 26. axb3 Rf8 27. Qe3 Re8 28. h4 Ra3 29. Rb1 Qd8 30. h5 Qf6 31. hxg6 hxg6 32. Rfc1 Rc8 33. Rc3 Nb5 34. Rd3 Rf8 35. Rf1 Kf7 36. Qe5 Qxe5 37. fxe5+ Kg7 38. Rxf8 Kxf8 39. Ne2 Ra2 40. Kf2 Kg7 41. Kf3 Rb2 42. Nf4 Kf7 43. Kg4 Rc2 44. Kg5 Nc3 45. Rf3 Ne4+ 46. Kh6 Rf2 47. Rxf2 Nxf2 48. Nxg6 Nd3 49. g4 Nc1 50. Nh4 Nxb3 51. Nf3 c5 52. dxc5 Nxc5 53. g5 Nd7 54. g6+ Kg8 55. g7 d4 56. Nxd4 Nxe5 57. Nxe6 Nf7+ 58. Kg6 Nd6 59. Nc7 Ne8 60. Nxe8 1/2-1/2

[Event "Gausdal Classics Elo op"]
[Site "Gausdal"]
[Date "2007.04.18"]
[Round "1"]
[White "Persson, Jan"]
[Black "Runde, Hans Arild"]
[Result "1-0"]
[WhiteElo "1985"]
[BlackElo "1842"]
[PlyCount "63"]
[EventDate "2007.04.18"]
[EventType "swiss"]
[EventRounds "9"]
[EventCountry "NOR"]
[SourceTitle "EXT 2008"]
[Source "ChessBase"]
[SourceDate "2007.11.25"]
[SourceVersion "1"]
[SourceVersionDate "2007.11.25"]
[SourceQuality "1"]

1. c4 Nf6 2. Nc3 e6 3. e4 Nc6 4. Nf3 d5 5. e5 Ne4 6. Qc2 Nxc3 7. bxc3 Na5 8. cxd5 exd5 9. Bd3 h5 10. h4 Be7 11. Qa4+ c6 12. Qf4 c5 13. 0-0 Be6 14. Bb5+ Nc6 15. Ng5 Qd7 16. Ba3 a6 17. Bxc6 Qxc6 18. Qg3 Bf5 19. Rae1 Rh6 20. Qf3 Be6 21. Qg3 Rg6 22. f4 Bf5 23. Qf3 f6 24. exf6 gxf6 25. Qxh5 fxg5 26. fxg5 Bd3 27. Qh8+ Kd7 28. Qxa8 Bxf1 29. Kxf1 Bd8 30. Qa7 Be7 31. d4 Qa4 32. Qxb7+ 1-0

[Event "NOR-chB"]
[Site "Moss"]
[Date "2006.07.08"]
[Round "1"]
[White "Pronstad, Thomas"]
[Black "Runde, Hans Arild"]
[Result "1-0"]
[WhiteElo "1757"]
[BlackElo "1866"]
[PlyCount "79"]
[EventDate "2006.07.08"]
[EventType "swiss"]
[EventRounds "9"]
[EventCountry "NOR"]
[SourceTitle "EXT 2007"]
[Source "ChessBase"]
[SourceDate "2006.11.23"]
[SourceVersion "1"]
[SourceVersionDate "2006.11.23"]
[SourceQuality "1"]

1. Nf3 Nf6 2. c4 e6 3. d4 b6 4. Bg5 h6 5. Bh4 Bb7 6. Nc3 d6 7. e3 g5 8. Bg3 Ne4 9. Nxe4 Bxe4 10. Nd2 Bg6 11. h4 Bg7 12. Be2 a5 13. Bh5 Qf6 14. Bf3 Ra7 15. Qa4+ Ke7 16. Qa3 Kd7 17. Qa4+ Ke7 18. Qa3 Kd7 19. Qa4+ c6 20. hxg5 hxg5 21. Rxh8 Bxh8 22. Ne4 Bxe4 23. Bxe4 Qd8 24. d5 exd5 25. cxd5 Kc7 26. dxc6 Qe7 27. 0-0-0 Be5 28. Bxe5 Qxe5 29. Rd5 Qe7 30. Qc4 f6 31. f4 Qe6 32. fxg5 f5 33. Bxf5 Qxe3+ 34. Kc2 Qf2+ 35. Kc3 Nxc6 36. Be4 a4 37. Qxc6+ Kb8 38. Qe8+ Kc7 39. Qe7+ Kb8 40. Qd8+ 1-0

[Event "Aslo ASKO CC-ch Group-A"]
[Site "Oslo"]
[Date "2006.03.21"]
[Round "5"]
[White "Runde, Hans Arild"]
[Black "Erikstad, Olav Age"]
[Result "0-1"]
[WhiteElo "1855"]
[BlackElo "1556"]
[PlyCount "78"]
[EventDate "2006.02.07"]
[EventType "tourn"]
[EventRounds "9"]
[EventCountry "NOR"]
[SourceTitle "EXT 2008"]
[Source "ChessBase"]
[SourceDate "2007.11.25"]
[SourceVersion "1"]
[SourceVersionDate "2007.11.25"]
[SourceQuality "1"]

1. e4 c6 2. d4 d5 3. exd5 cxd5 4. Nf3 Bg4 5. h3 Bh5 6. c4 e6 7. Nc3 Nc6 8. Be3 Nf6 9. Rc1 Qb6 10. g4 Bg6 11. Ne5 Qxb2 12. Nxc6 bxc6 13. Qa4 Rc8 14. c5 Ne4 15. Nd1 Qb8 16. Ba6 Rc7 17. Bf4 Be7 18. h4 h5 19. g5 f6 20. Bd3 e5 21. dxe5 fxe5 22. Bxe5 0-0 23. Qa5 Bxc5 24. Rxc5 Nxc5 25. Bxg6 Re7 26. Qxc5 Qxe5+ 27. Kd2 Qf4+ 28. Kc2 Re2+ 29. Kb1 Rb8+ 30. Ka1 Qd2 31. Qa3 Qd4+ 32. Qc3 Qa4 33. a3 Rb3 34. Nb2 Qxa3+ 35. Kb1 Rexb2+ 36. Kc1 Rxc3+ 37. Kd1 Rd2+ 38. Kxd2 Qb2+ 39. Kd1 Rc1# 0-1